| 000 | 00938nmm a2200289 a 4500 | ||
|---|---|---|---|
| 001 | ocm0002016260 | ||
| 003 | TR-IsHL | ||
| 005 | 20201028181122.0 | ||
| 008 | 181225s2017 tu tur | ||
| 007 | cr cn | ||
| 020 | _a9786059241366 | ||
| 035 |
_a2016260 _b(N$T) |
||
| 050 | 0 | 4 |
_aPL248.S265 _bK83 2017 |
| 090 | 0 | 4 |
_aPL248.S265 _bK83 2017 |
| 100 | 1 | _aSamipaşazâde Sezai | |
| 245 | 1 | 0 |
_aKüçük şeyler _h[electronic resource] / _cSamipaşazâde Sezai ; yayına hazırlayan Osman Sevim |
| 250 | _a2. Basım | ||
| 260 |
_aİstanbul : _bBilge Kültür Sanat, _c2017 |
||
| 300 | _a127 p. | ||
| 650 | 4 | _aDil ve Edebiyat | |
| 650 | 4 | _aLanguage and Literature | |
| 650 | 0 | _aTürk romanı | |
| 650 | 0 | _aTürkish fiction | |
| 650 | 7 |
_aLITERARY COLLECTIONS / Middle Eastern _2bisacsh |
|
| 700 | 1 | _aSevim, Osman | |
| 856 | 4 | 0 | _uhttp://search.ebscohost.com/login.aspx?direct=true&scope=site&db=e011xww&AN=2016260 |
| 999 |
_c19454 _d19454 |
||